ბათუმის შოთა რუსთაველის სახელმწიფო უნივერსიტეტის ბიბლიოთეკა

Лабораторные работы по сопротивлению материалов. (ბიბ.ჩანაწერი № 47300)

000 -LEADER
fixed length control field 00688nam a2200217Ia 4500
001 - CONTROL NUMBER
control field 14161
003 - CONTROL NUMBER IDENTIFIER
control field GE_BSU
008 - FIXED-LENGTH DATA ELEMENTS--GENERAL INFORMATION
fixed length control field 181216s||||||||xx |||||||||||||| ||und||
040 ## - CATALOGING SOURCE
Transcribing agency GE_BSU
080 ## - UNIVERSAL DECIMAL CLASSIFICATION NUMBER
Universal Decimal Classification number 539.316(07)
100 ## - MAIN ENTRY--PERSONAL NAME
Personal name Рубашкин,А.Г.
245 ## - TITLE STATEMENT
Title Лабораторные работы по сопротивлению материалов.
245 ## - TITLE STATEMENT
Statement of responsibility, etc. Ред. Ю.Ф.Бачарова.
250 ## - EDITION STATEMENT
Edition statement Изд. второе.
260 ## - PUBLICATION, DISTRIBUTION, ETC.
Place of publication, distribution, etc. М.
260 ## - PUBLICATION, DISTRIBUTION, ETC.
Name of publisher, distributor, etc. Высшая школа.
260 ## - PUBLICATION, DISTRIBUTION, ETC.
Date of publication, distribution, etc. 1966.
300 ## - PHYSICAL DESCRIPTION
Extent 167 стр. 21 см. с илл.
653 ## - INDEX TERM--UNCONTROLLED
Uncontrolled term Лабораторные работы по сопротивлению материалов.
942 ## - ADDED ENTRY ELEMENTS (KOHA)
Koha item type წიგნი
ეგზემპლარები
Withdrawn status Lost status Damaged status Not for loan Date acquired Barcode Date last seen Price effective from Koha item type
        2018-12-17 9863 2018-12-17 2018-12-17 წიგნი